000 00302nam a22001457a 4500
008 210511b ||||| |||| 00| 0 eng d
020 _a21548
041 _aeng
080 _a94
082 _a94
100 _a16
101 _aSHH
245 _aAmerican Appetites
_cJoyce C. Oates
942 _2udc
_cBK
999 _c57252
_d57252